| Record ID | ia:failedbacksyndro0000wilk |
| Source | Internet Archive |
| Download MARC XML | https://archive.org/download/failedbacksyndro0000wilk/failedbacksyndro0000wilk_marc.xml |
| Download MARC binary | https://www.archive.org/download/failedbacksyndro0000wilk/failedbacksyndro0000wilk_meta.mrc |
LEADER: 03296cam 2200865 a 4500
001 ocm24009597
003 OCoLC
005 20200623074707.0
008 910611s1992 nyua b 001 0 eng
010 $a 91004926
040 $aDNLM/DLC$beng$cDLC$dTOM$dNLM$dMUQ$dBAKER$dBTCTA$dYDXCP$dDEBBG$dBDX$dGBVCP$dOCLCO$dOCLCQ$dOCLCO$dOCLCQ$dOCLCO$dOCLCA$dOCLCF$dOCLCA$dAU@$dOCLCA
016 7 $a9108362$2DNLM
019 $a24034722$a25870977$a28380158$a59989012
020 $a0387976175$q(Springer-Verlag New York)
020 $a9780387976174$q(Springer-Verlag New York)
020 $a3540976175$q(Springer-Verlag Berlin)
020 $a9783540976172$q(Springer-Verlag Berlin)
035 $a(OCoLC)24009597$z(OCoLC)24034722$z(OCoLC)25870977$z(OCoLC)28380158$z(OCoLC)59989012
050 00 $aRD768$b.W435 1992
060 00 $aWE 755$bW686f 1992
082 00 $a617.5/6$220
084 $aYK 3050$2rvk
100 1 $aWilkinson, Harold A.
245 14 $aThe failed back syndrome :$betiology and therapy /$cHarold A. Wilkinson.
250 $a2nd ed.
260 $aNew York :$bSpringer-Verlag,$c©1992.
300 $axii, 254 pages :$billustrations ;$c26 cm
336 $atext$btxt$2rdacontent
337 $aunmediated$bn$2rdamedia
338 $avolume$bnc$2rdacarrier
504 $aIncludes bibliographical references (pages 233-237) and indexes.
650 0 $aBack$xDiseases$xEtiology.
650 0 $aBack$xDiseases$xTreatment.
650 0 $aBack$xSurgery.
650 2 $aBack$xsurgery.
650 2 $aBack Pain$xdiagnosis.
650 2 $aBack Pain$xtherapy.
650 2 $aLumbosacral Region.
650 2 $aPostoperative Complications$xetiology.
650 6 $aDos$xMaladies$xÉtiologie.
650 6 $aDos$xMaladies$xTraitement.
650 6 $aDos$xChirurgie.
650 6 $aDorsalgie.
650 7 $aChirurgie$2gnd
650 7 $aKomplikation$2gnd
650 7 $aLendenwirbelsäulenkrankheit$2gnd
650 7 $aLocus of Control$2gnd
650 7 $aPostoperative Phase$2gnd
650 7 $aRückenschmerz$2gnd
650 7 $aUmfrage$2gnd
650 7 $aBack$xDiseases$xTreatment.$2fast$0(OCoLC)fst00825076
650 7 $aBack$xSurgery.$2fast$0(OCoLC)fst00825080
650 4 $aBackache$xsurgery.
653 0 $aBack$aDiseases$aEtiology
653 0 $aBack$aDiseases$aTreatment
653 0 $aBack$aSurgery
653 0 $aBack$asurgery
653 0 $aBackache$adiagnosis
653 0 $aBackache$asurgery
653 0 $aLumbosacral Region
653 0 $aPostoperative Complications$aetiology
776 08 $iOnline version:$aWilkinson, Harold A.$tFailed back syndrome.$b2nd ed.$dNew York : Springer-Verlag, ©1992$w(OCoLC)551483137
776 08 $iOnline version:$aWilkinson, Harold A.$tFailed back syndrome.$b2nd ed.$dNew York : Springer-Verlag, ©1992$w(OCoLC)607891427
938 $aBaker & Taylor$bBKTY$c194.00$d194.00$i0387976175$n0001978899$sactive
938 $aBrodart$bBROD$n43862535$c$69.00
938 $aBaker and Taylor$bBTCP$n91004926
938 $aYBP Library Services$bYANK$n100042838
029 1 $aAU@$b000008175843
029 1 $aDEBBG$bBV004735543
029 1 $aGBVCP$b026154927
029 1 $aNLGGC$b09054241X
029 1 $aNLM$b9108362
029 1 $aYDXCP$b329710
994 $aZ0$bP4A
948 $hNO HOLDINGS IN P4A - 113 OTHER HOLDINGS